[Event "Montcalm 4 2025-26"]
[Site "Quebec CAN"]
[Date "2026.01.15"]
[Round "2"]
[White "Drolet, Stephane"]
[Black "Berube, Antoine"]
[Result "1/2-1/2"]
[WhiteElo "1893"]
[BlackElo "2232"]
[WhiteFideId "-1"]
[BlackFideId "-1"]
[PlyCount "115"]
[GameId "2267350371068600"]
[EventDate "2026.01.08"]
[EventType "swiss"]
[EventRounds "5"]
[EventCountry "CAN"]

1. d4 d5 2. Bf4 c5 3. e3 Nc6 4. c3 Bf5 5. Qb3 Qd7 6. Nf3 e6 7. Bb5 f6 8. h3 a6 9. Be2 c4 10. Qd1 g5 11. Bh2 Bd6 12. Bxd6 Qxd6 13. b3 b5 14. a4 Rb8 15. axb5 axb5 16. b4 Nge7 17. Qd2 Kf7 18. Nh2 Ra8 19. Na3 Ra6 20. O-O Rha8 21. Qb2 Qb8 22. Nc2 Kg7 23. Rxa6 Rxa6 24. Ra1 Rxa1+ 25. Nxa1 Qa7 26. Bd1 Nc8 27. Nf1 e5 28. Ng3 Bg6 29. Kf1 Nd6 30. Ke1 f5 31. Nf1 f4 32. Nc2 Bxc2 33. Bxc2 fxe3 34. fxe3 e4 35. Bd1 Ne7 36. Ng3 Ng6 37. Qf2 Qf7 38. Nh5+ Kh6 39. Qxf7 Nxf7 40. Nf6 Ne7 41. Bg4 Kg6 42. Ne8 Nf5 43. Bxf5+ Kxf5 44. Nc7 g4 45. hxg4+ Kxg4 46. Kf2 Nd6 47. Nxd5 h5 48. Nf6+ Kg5 49. Nd7 h4 50. Ne5 Kf5 51. Nc6 Ne8 52. Ne7+ Kg5 53. Nd5 Kg4 54. Nf4 Nd6 55. Ng6 Kg5 56. Ne5 Ne8 57. Nc6 Kg4 58. Ne5+ 1/2-1/2

[Event "Montcalm 4 2025-26"]
[Site "Quebec CAN"]
[Date "2026.01.15"]
[Round "2"]
[White "Bourassa, Samuel"]
[Black "Audouze, Oscar"]
[Result "1-0"]
[WhiteElo "2036"]
[BlackElo "1781"]
[WhiteFideId "-1"]
[BlackFideId "-1"]
[PlyCount "71"]
[GameId "2267350371068601"]
[EventDate "2026.01.08"]
[EventType "swiss"]
[EventRounds "5"]
[EventCountry "CAN"]

1. e4 e6 2. d4 d5 3. Nc3 Bb4 4. a3 Bxc3+ 5. bxc3 dxe4 6. Qg4 Nf6 7. Qxg7 Rg8 8. Qh6 Rg6 9. Qe3 Bd7 10. c4 c5 11. c3 Nc6 12. Ne2 Qa5 13. Bd2 O-O-O 14. Ng3 Be8 15. Nxe4 Nxe4 16. Qxe4 cxd4 17. cxd4 Qb6 18. Bc3 Nxd4 19. Rb1 Bc6 20. Qxg6 hxg6 21. Rxb6 Nc2+ 22. Ke2 axb6 23. Bb2 b5 24. h4 bxc4 25. Rh3 b5 26. h5 gxh5 27. Rxh5 Kb7 28. f4 Rd3 29. Rh7 Nxa3 30. Rxf7+ Kb6 31. g4 b4 32. g5 c3 33. Bc1 b3 34. Kxd3 b2 35. Be3+ Ka5 36. Kxc3 1-0

[Event "Montcalm 4 2025-26"]
[Site "Quebec CAN"]
[Date "2026.01.15"]
[Round "2"]
[White "Bluteau, Yvon"]
[Black "Barrera, Eduardo"]
[Result "0-1"]
[WhiteElo "1786"]
[BlackElo "1897"]
[WhiteFideId "-1"]
[BlackFideId "-1"]
[PlyCount "120"]
[GameId "2267350371068602"]
[EventDate "2026.01.08"]
[EventType "swiss"]
[EventRounds "5"]
[EventCountry "CAN"]

1. Nf3 d5 2. d4 Nf6 3. g3 e6 4. Bg2 Be7 5. O-O O-O 6. Nbd2 c5 7. e3 Nc6 8. b3 b5 9. dxc5 Bxc5 10. Bb2 a5 11. Ne5 Bb7 12. Qf3 Be7 13. Rfd1 Rc8 14. c4 bxc4 15. Ndxc4 Nxe5 16. Nxe5 Rc2 17. Bd4 Ne4 18. Nd3 f5 19. Qh5 Bf6 20. Ne5 Nxf2 21. Rf1 Ne4 22. Bxe4 dxe4 23. Rad1 Ba6 24. Bc5 Qe8 25. Qxe8 Rxe8 26. Nc4 Bxc4 27. bxc4 Rxc4 28. Bb6 Rc2 29. Bxa5 Ra8 30. Be1 Raxa2 31. Rf2 Bg5 32. Rxc2 Rxc2 33. Bf2 Re2 34. Kf1 Ra2 35. Rd7 Ra6 36. Rb7 h6 37. Rb3 Kf7 38. Rb2 Ra1+ 39. Kg2 Ra3 40. Re2 e5 41. h4 Be7 42. Rc2 Ke6 43. Kf1 Kd5 44. Ke2 Bc5 45. Rd2+ Kc4 46. Rd7 Ra2+ 47. Kf1 Ra7 48. Rd1 g5 49. Rc1+ Kd5 50. hxg5 hxg5 51. Rd1+ Ke6 52. Rd2 Ra3 53. Re2 Kf6 54. Kg2 Kg6 55. Re1 f4 56. gxf4 exf4 57. exf4 Ra2 58. Rxe4 Rxf2+ 59. Kg3 Rxf4 60. Re5 Bd6 0-1

[Event "Montcalm 4 2025-26"]
[Site "Quebec CAN"]
[Date "2026.01.15"]
[Round "2"]
[White "Lescarbeau, Martin"]
[Black "Auger, Bertrand"]
[Result "1/2-1/2"]
[WhiteElo "1734"]
[BlackElo "1877"]
[WhiteFideId "-1"]
[BlackFideId "-1"]
[PlyCount "95"]
[GameId "2267350371068603"]
[EventDate "2026.01.08"]
[EventType "swiss"]
[EventRounds "5"]
[EventCountry "CAN"]

1. e4 e6 2. d4 d5 3. e5 b6 4. c3 Qd7 5. Bd3 Ba6 6. Bc2 c5 7. Ne2 Ne7 8. O-O cxd4 9. cxd4 Nbc6 10. Nbc3 Nb4 11. Bb1 Rc8 12. a3 Nbc6 13. b4 Bc4 14. Bd3 b5 15. Be3 a6 16. Bxc4 bxc4 17. Ng3 Ng6 18. f4 Nh4 19. Qg4 Nf5 20. Nxf5 exf5 21. Qf3 Rd8 22. Rad1 Na7 23. Bf2 Be7 24. h3 O-O 25. g4 Rfe8 26. gxf5 Nb5 27. Nxb5 axb5 28. Qg4 Ra8 29. Kh2 Bf8 30. Bh4 Rxa3 31. Rg1 Ra2+ 32. Kh1 Ra3 33. Bf6 g6 34. e6 fxe6 35. fxg6 h6 36. g7 Bd6 37. Qh5 Bxf4 38. Rg4 Be3 39. Rf1 c3 40. Be5 c2 41. Rf8+ Rxf8 42. gxf8=Q+ Kxf8 43. Rg8+ Kxg8 44. Qg6+ Kf8 45. Qf6+ Ke8 46. Qh8+ Kf7 47. Qg7+ Ke8 48. Qh8+ 1/2-1/2

[Event "Montcalm 4 2025-26"]
[Site "Quebec CAN"]
[Date "2026.01.15"]
[Round "2"]
[White "Dube, Dominic"]
[Black "Gaulin, Gaetan"]
[Result "1-0"]
[WhiteElo "1664"]
[BlackElo "1874"]
[WhiteFideId "-1"]
[BlackFideId "-1"]
[PlyCount "47"]
[GameId "2267350371134140"]
[EventDate "2026.01.08"]
[EventType "swiss"]
[EventRounds "5"]
[EventCountry "CAN"]

1. e4 c6 2. d4 d5 3. e5 Bf5 4. Nf3 e6 5. Be2 c5 6. c4 Ne7 7. Nc3 Nbc6 8. dxc5 dxc4 9. Qxd8+ Rxd8 10. Nb5 Nd5 11. Nd6+ Bxd6 12. exd6 b6 13. Bxc4 O-O 14. Bxd5 exd5 15. Be3 bxc5 16. Bxc5 Rfe8+ 17. Kd2 Rb8 18. b3 Be4 19. Rhe1 Bxf3 20. gxf3 Ne5 21. Re3 f6 22. Rae1 Kf7 23. f4 Nd7 24. Re7+ 1-0

[Event "Montcalm 4 2025-26"]
[Site "Quebec CAN"]
[Date "2026.01.15"]
[Round "2"]
[White "Lapierre, Gaetan"]
[Black "Fahmi, Adam"]
[Result "0-1"]
[WhiteElo "1637"]
[BlackElo "1849"]
[WhiteFideId "-1"]
[BlackFideId "-1"]
[PlyCount "98"]
[GameId "2267350371134141"]
[EventDate "2026.01.08"]
[EventType "swiss"]
[EventRounds "5"]
[EventCountry "CAN"]

1. e4 c5 2. Nc3 Nc6 3. g3 g6 4. Bg2 Bg7 5. d3 e6 6. f4 Nge7 7. Nf3 O-O 8. O-O d5 9. Kh1 a6 10. Na4 b6 11. c3 Bb7 12. e5 d4 13. Ng5 Na5 14. g4 Bxg2+ 15. Kxg2 f6 16. exf6 Bxf6 17. Ne4 Bg7 18. c4 Qc7 19. Bd2 Nb7 20. b4 Bh6 21. bxc5 Nxc5 22. Naxc5 bxc5 23. Ng5 Rf6 24. Qf3 Raf8 25. Ne4 R6f7 26. g5 Nf5 27. Qg4 Bg7 28. Rae1 Qc6 29. Rf3 Qa4 30. Nxc5 Qxa2 31. Rf2 Qa3 32. Nxe6 Re8 33. Nxg7 Rxe1 34. Nxf5 gxf5 35. Qf3 Ree7 36. h4 Qc5 37. h5 Qb6 38. Kg3 Qd6 39. Kh4 Re6 40. Rf1 Qd8 41. Ra1 Rfe7 42. Ra5 Re2 43. Rxf5 Rxd2 44. Rd5 Qc8 45. f5 Qc7 46. g6 h6 47. f6 Qh2+ 48. Qh3 Qf4+ 49. Qg4 Rh2# 0-1

[Event "Montcalm 4 2025-26"]
[Site "Quebec CAN"]
[Date "2026.01.15"]
[Round "2"]
[White "Cantin, Guillaume"]
[Black "Genest, Dominic"]
[Result "1/2-1/2"]
[WhiteElo "1635"]
[BlackElo "1799"]
[WhiteFideId "-1"]
[BlackFideId "-1"]
[PlyCount "73"]
[GameId "2267350371134142"]
[EventDate "2026.01.08"]
[EventType "swiss"]
[EventRounds "5"]
[EventCountry "CAN"]

1. d4 d5 2. c4 e6 3. Nc3 Nf6 4. cxd5 exd5 5. Bg5 Nbd7 6. e3 c6 7. Bd3 Bd6 8. Nge2 O-O 9. Bf4 Qe7 10. Bxd6 Qxd6 11. Ng3 Re8 12. Nf5 Qb4 13. Qc2 Nf8 14. a3 Qb6 15. Nd6 Re7 16. O-O Bg4 17. h3 Bh5 18. Nf5 Re6 19. Na4 Qc7 20. Nc5 Ree8 21. Rac1 Ne6 22. Qa4 Nxc5 23. Rxc5 Ne4 24. Bxe4 Rxe4 25. Ng3 Rh4 26. e4 Qf4 27. exd5 Bf3 28. dxc6 Bxc6 29. Qc2 Re8 30. d5 Bd7 31. Qc1 Qe5 32. Qc3 Qd6 33. Rc4 Rh6 34. Re1 Qxd5 35. Rc8 Rhe6 36. Rxe6 Qxe6 37. Rc4 1/2-1/2

[Event "Montcalm 4 2025-26"]
[Site "Quebec CAN"]
[Date "2026.01.15"]
[Round "2"]
[White "Sarra-Bournet, Marc"]
[Black "Oliver, Vance"]
[Result "1-0"]
[WhiteElo "1732"]
[BlackElo "1432"]
[WhiteFideId "-1"]
[BlackFideId "-1"]
[PlyCount "55"]
[GameId "2267350371134143"]
[EventDate "2026.01.08"]
[EventType "swiss"]
[EventRounds "5"]
[EventCountry "CAN"]

1. e4 d6 2. d4 g6 3. f4 Bg7 4. Nf3 a6 5. Be2 b5 6. O-O Bb7 7. Bd3 Nd7 8. c3 c5 9. d5 Ngf6 10. Bc2 O-O 11. Nbd2 Re8 12. Ng5 Nf8 13. Ndf3 e6 14. dxe6 fxe6 15. f5 exf5 16. exf5 c4 17. Bf4 Nd5 18. Qd2 Nxf4 19. Qxf4 Re2 20. fxg6 hxg6 21. Bxg6 Qb6+ 22. Kh1 Be5 23. Qf7+ Kh8 24. Bh7 Ne6 25. Qxe6 Qe3 26. Nf7+ Kxh7 27. N3g5+ Kg7 28. Qh6+ 1-0

[Event "Montcalm 4 2025-26"]
[Site "Quebec CAN"]
[Date "2026.01.15"]
[Round "2"]
[White "Gonthier-Cummings, Eloi"]
[Black "Perreault, Jacquelin"]
[Result "0-1"]
[WhiteElo "1357"]
[BlackElo "1733"]
[WhiteFideId "-1"]
[BlackFideId "-1"]
[PlyCount "54"]
[GameId "2267350371134144"]
[EventDate "2026.01.08"]
[EventType "swiss"]
[EventRounds "5"]
[EventCountry "CAN"]

1. e4 c5 2. Nf3 d6 3. Bb5+ Bd7 4. Bxd7+ Qxd7 5. O-O Nf6 6. Qe2 Nc6 7. c3 e6 8. d4 cxd4 9. cxd4 d5 10. exd5 Nxd5 11. Rd1 Bd6 12. Ng5 O-O 13. Qh5 Nf6 14. Qh4 Ne7 15. Ne4 Nxe4 16. Qxe4 Nd5 17. Nd2 Rac8 18. Qe2 Rc2 19. Qf3 Qc7 20. Ne4 Bxh2+ 21. Kh1 Bd6 22. Nxd6 Qxd6 23. Qb3 Qc6 24. Bd2 Rc8 25. Kg1 Qb6 26. Qg3 Qxd4 27. Bc3 Nxc3 0-1

[Event "Montcalm 4 2025-26"]
[Site "Quebec CAN"]
[Date "2026.01.15"]
[Round "2"]
[White "Bergeron, Nicolas"]
[Black "Michaud, Jacques"]
[Result "1-0"]
[WhiteElo "1729"]
[BlackElo "1425"]
[WhiteFideId "-1"]
[BlackFideId "-1"]
[PlyCount "53"]
[GameId "2267350371134145"]
[EventDate "2026.01.08"]
[EventType "swiss"]
[EventRounds "5"]
[EventCountry "CAN"]

1. e4 d5 2. exd5 Qxd5 3. Nc3 Qd8 4. d4 c5 5. Nf3 cxd4 6. Qxd4 Qxd4 7. Nxd4 a6 8. Nd5 Kd8 9. Nb6 Ra7 10. Be3 Nd7 11. Nb3 Kc7 12. Nxd7 Bxd7 13. Bxa7 b6 14. Bxa6 e5 15. a4 Ne7 16. a5 Nc8 17. axb6+ Nxb6 18. O-O Bd6 19. Rfd1 Na4 20. Be3 f5 21. f3 Nxb2 22. Rdb1 Na4 23. Nd2 Nc3 24. Rb7+ Kd8 25. Nc4 Ke7 26. Nb6 Rd8 27. Bg5+ 1-0

[Event "Montcalm 4 2025-26"]
[Site "Quebec CAN"]
[Date "2026.01.15"]
[Round "2"]
[White "Boissinot, Claude"]
[Black "Bergeron, Normand"]
[Result "0-1"]
[WhiteElo "1426"]
[BlackElo "1689"]
[WhiteFideId "-1"]
[BlackFideId "-1"]
[PlyCount "60"]
[GameId "2267350371134146"]
[EventDate "2026.01.08"]
[EventType "swiss"]
[EventRounds "5"]
[EventCountry "CAN"]

1. e4 d5 2. exd5 Qxd5 3. Nc3 Qa5 4. d4 Nf6 5. Bd2 c6 6. Be2 Bf5 7. Nf3 Nbd7 8. Bc4 e6 9. a3 Qc7 10. O-O Bd6 11. h3 O-O-O 12. b4 Nb6 13. Bb3 h6 14. b5 c5 15. Ba2 g5 16. dxc5 Bxc5 17. a4 Bb4 18. Qe1 g4 19. Ne5 gxh3 20. g3 Rxd2 21. a5 Bxa5 22. Bxe6+ Bxe6 23. Rxa5 Qxc3 24. Rxa7 Rhd8 25. Nxf7 Bxf7 26. Qe7 Bd5 27. Rfa1 h2+ 28. Kxh2 Rxf2+ 29. Kh3 Rh2+ 30. Kxh2 Qd2+ 0-1

[Event "Montcalm 4 2025-26"]
[Site "Quebec CAN"]
[Date "2026.01.15"]
[Round "2"]
[White "Fleury, Dominic"]
[Black "Dumont, Eric"]
[Result "0-1"]
[WhiteElo "1327"]
[BlackElo "1655"]
[WhiteFideId "-1"]
[BlackFideId "-1"]
[PlyCount "44"]
[GameId "2267350371134147"]
[EventDate "2026.01.08"]
[EventType "swiss"]
[EventRounds "5"]
[EventCountry "CAN"]

1. e4 c6 2. d4 d5 3. exd5 cxd5 4. Nf3 Nf6 5. Nc3 Nc6 6. Bd3 Bg4 7. Be3 e6 8. Be2 Be7 9. Qd2 Rc8 10. O-O O-O 11. h3 Bf5 12. Nh4 Ne4 13. Nxe4 Bxh4 14. Bg5 Bxg5 15. Nxg5 Nxd4 16. g4 Nxe2+ 17. Qxe2 Qxg5 18. f4 Qg6 19. Rf2 Rxc2 20. Qe5 Rxf2 21. Kxf2 Be4 22. Kg3 h5 0-1

[Event "Montcalm 4 2025-26"]
[Site "Quebec CAN"]
[Date "2026.01.15"]
[Round "2"]
[White "Chabot, Sebastien"]
[Black "Voisin, Antoine"]
[Result "1-0"]
[WhiteElo "1245"]
[BlackElo "1636"]
[WhiteFideId "-1"]
[BlackFideId "-1"]
[PlyCount "95"]
[GameId "2267350371134148"]
[EventDate "2026.01.08"]
[EventType "swiss"]
[EventRounds "5"]
[EventCountry "CAN"]

{Temps/Time} 1. d4 Nf6 2. Nf3 g6 3. Bf4 Bg7 4. e3 O-O 5. Be2 d6 6. O-O Nbd7 7. c4 Nh5 8. Nc3 Nxf4 9. exf4 Nf6 10. Nh4 c6 11. a4 Nd7 12. Nf3 a6 13. b4 c5 14. Rb1 cxd4 15. Ne4 Nf6 16. Ng3 Bd7 17. Nxd4 Rc8 18. f5 b5 19. axb5 axb5 20. cxb5 Nd5 21. Nc6 Bxc6 22. bxc6 Nc3 23. Qb3 Nxb1 24. Qxb1 Rxc6 25. h4 Qb6 26. Qe4 Be5 27. Kh2 e6 28. fxg6 fxg6 29. f4 Bf6 30. h5 d5 31. Qb1 gxh5 32. Bxh5 Rc4 33. Ne2 Qxb4 34. Qa2 Qa4 35. Qd2 Qc2 36. Qe3 Re4 37. Qg3+ Bg7 38. Rf2 Rf6 39. Qg5 Qc7 40. g3 Rf5 41. Qg4 Qc4 42. Qh4 Rf6 43. Qg5 Rf5 44. Qd8+ Bf8 45. Qh4 Qc7 46. g4 Rfxf4 47. Qg5+ Kh8 48. Nxf4 1-0

[Event "Montcalm 4 2025-26"]
[Site "Quebec CAN"]
[Date "2026.01.15"]
[Round "2"]
[White "Pepin, Pierre-Luc"]
[Black "Miskic, Zdenko"]
[Result "0-1"]
[WhiteElo "1129"]
[BlackElo "1453"]
[WhiteFideId "-1"]
[BlackFideId "-1"]
[PlyCount "64"]
[GameId "2267350371134149"]
[EventDate "2026.01.08"]
[EventType "swiss"]
[EventRounds "5"]
[EventCountry "CAN"]

1. e4 c5 2. g3 d6 3. Bg2 Nf6 4. d3 g6 5. c3 Bg7 6. b3 O-O 7. Bb2 Nc6 8. Nd2 Ne5 9. Qc2 Qc7 10. Ngf3 Nfd7 11. Nxe5 Nxe5 12. Nf3 b6 13. Nxe5 Bxe5 14. f4 Bg7 15. e5 Bf5 16. Bxa8 Rxa8 17. exd6 Qxd6 18. O-O-O Rd8 19. Rhe1 e5 20. fxe5 Bxe5 21. Re3 Bg7 22. Kb1 Rc8 23. Rde1 Kf8 24. c4 Rd8 25. Bxg7+ Kxg7 26. Qc3+ Kh6 27. Kc2 a5 28. Qd2 Kg7 29. Qc3+ Kh6 30. Rd1 Bg4 31. Rd2 f5 32. d4 cxd4 0-1

[Event "Montcalm 4 2025-26"]
[Site "Quebec CAN"]
[Date "2026.01.22"]
[Round "3"]
[White "Bourassa, Samuel"]
[Black "Rainfray, Arnaud"]
[Result "0-1"]
[WhiteElo "2036"]
[BlackElo "2330"]
[WhiteFideId "-1"]
[BlackFideId "-1"]
[PlyCount "98"]
[GameId "2269869079896172"]
[EventDate "2026.01.08"]
[EventType "swiss"]
[EventRounds "5"]
[EventCountry "CAN"]

1. e4 c6 2. Nc3 d5 3. exd5 cxd5 4. d4 Nc6 5. Bf4 a6 6. Nf3 Nf6 7. Be2 Bf5 8. O-O e6 9. h3 Bd6 10. Bxd6 Qxd6 11. Bd3 Bg6 12. Re1 Bh5 13. g4 Bg6 14. Qd2 Nd7 15. Qg5 O-O 16. a3 Bxd3 17. cxd3 f5 18. Kg2 Rf6 19. Re3 Raf8 20. Qh4 f4 21. g5 Rg6 22. Ree1 e5 23. Qg4 Nxd4 24. h4 h6 25. Rg1 Nxf3 26. Qxf3 hxg5 27. Qxd5+ Qxd5+ 28. Nxd5 gxh4+ 29. Kf3 Rxg1 30. Rxg1 Kf7 31. Nc3 Nc5 32. Rh1 Rh8 33. d4 exd4 34. Ne2 Ne6 35. Nxf4 Nxf4 36. Kxf4 Kf6 37. Ke4 g5 38. Kxd4 Re8 39. f4 Re2 40. fxg5+ Kxg5 41. b3 Kg4 42. Rg1+ Kf3 43. Rg7 h3 44. Rxb7 Re4+ 45. Kd3 Rh4 46. Rf7+ Kg3 47. Rg7+ Rg4 48. Rh7 h2 49. a4 Rh4 0-1

[Event "Montcalm 4 2025-26"]
[Site "Quebec CAN"]
[Date "2026.01.22"]
[Round "3"]
[White "Mercure, Gilbert"]
[Black "Berube, Antoine"]
[Result "0-1"]
[WhiteElo "1844"]
[BlackElo "2232"]
[WhiteFideId "-1"]
[BlackFideId "-1"]
[PlyCount "110"]
[GameId "2269869080141933"]
[EventDate "2026.01.08"]
[EventType "swiss"]
[EventRounds "5"]
[EventCountry "CAN"]

1. e4 c5 2. Nf3 Nc6 3. d4 cxd4 4. c3 dxc3 5. Bc4 d6 6. O-O Nf6 7. Nxc3 a6 8. h3 e6 9. Qe2 Be7 10. e5 dxe5 11. Nxe5 Qc7 12. Nxc6 Qxc6 13. Bg5 O-O 14. Rac1 Qc5 15. Bxf6 Bxf6 16. Ne4 Qe5 17. Nxf6+ Qxf6 18. Rfd1 b5 19. Qe4 Rb8 20. Bd3 g6 21. Rc7 Qxb2 22. Bb1 Qf6 23. Rd3 e5 24. g4 Qf4 25. Qc6 Qb4 26. Bc2 Be6 27. Bb3 Bxb3 28. axb3 a5 29. Qf6 Qf4 30. Qc6 e4 31. Re3 Rbe8 32. Rb7 b4 33. Rb5 Re6 34. Qc2 Ra8 35. Kg2 h6 36. Rd5 Kg7 37. Qd2 Kh7 38. Qe2 Ra7 39. Qb2 Ra8 40. Qe2 Re7 41. h4 f5 42. gxf5 gxf5 43. Rg3 Rg8 44. Rxg8 Kxg8 45. Rd8+ Kh7 46. Qh5 Rg7+ 47. Kf1 Qc1+ 48. Rd1 Qc5 49. Qe8 Re7 50. Qf8 Qb5+ 51. Ke1 Rg7 52. Rd8 Rg1+ 53. Kd2 e3+ 54. Kxe3 Qe5+ 55. Kd2 Qc3+ 0-1

[Event "Montcalm 4 2025-26"]
[Site "Quebec CAN"]
[Date "2026.01.22"]
[Round "3"]
[White "Lescarbeau, Martin"]
[Black "Drolet, Stephane"]
[Result "1/2-1/2"]
[WhiteElo "1734"]
[BlackElo "1893"]
[WhiteFideId "-1"]
[BlackFideId "-1"]
[PlyCount "67"]
[GameId "2269869080146030"]
[EventDate "2026.01.08"]
[EventType "swiss"]
[EventRounds "5"]
[EventCountry "CAN"]

1. e4 c6 2. d4 g6 3. Nc3 Bg7 4. Be3 d5 5. Nf3 Bg4 6. h3 Bxf3 7. gxf3 e6 8. Qd2 Nd7 9. O-O-O Qa5 10. Kb1 h5 11. e5 Qc7 12. f4 Ne7 13. Bd3 a6 14. Ne2 b5 15. h4 Nb6 16. b3 a5 17. c3 a4 18. b4 Nc4 19. Bxc4 bxc4 20. a3 Bf8 21. Ng1 Nf5 22. Nf3 Be7 23. Ng5 Qb7 24. Ka2 Rc8 25. Rb1 O-O 26. Qe2 Bxg5 27. fxg5 Qb5 28. Rh3 Rb8 29. Rhh1 Rfd8 30. Rh3 Rd7 31. Rhh1 Qa6 32. Qf3 Qc8 33. Qf4 Qd8 34. Rhd1 1/2-1/2

[Event "Montcalm 4 2025-26"]
[Site "Quebec CAN"]
[Date "2026.01.22"]
[Round "3"]
[White "Auger, Bertrand"]
[Black "Dube, Dominic"]
[Result "1-0"]
[WhiteElo "1877"]
[BlackElo "1664"]
[WhiteFideId "-1"]
[BlackFideId "-1"]
[PlyCount "73"]
[GameId "2269869080166511"]
[EventDate "2026.01.08"]
[EventType "swiss"]
[EventRounds "5"]
[EventCountry "CAN"]

1. Nf3 c6 2. g3 d5 3. Bg2 Nd7 4. d4 g6 5. O-O Bg7 6. Bf4 Qb6 7. Nc3 Qxb2 8. Qd2 Qa3 9. e4 dxe4 10. Nxe4 Ngf6 11. Nxf6+ Bxf6 12. Bh6 Nb6 13. Ne5 Qd6 14. Bf4 Bxe5 15. Bxe5 Nc4 16. Bxd6 Nxd2 17. Rfe1 Be6 18. Bc5 Nc4 19. Rab1 Nb6 20. a4 Nxa4 21. Ba3 Nb6 22. Bc5 O-O-O 23. Bxe7 Rd7 24. Bf6 Rg8 25. Ra1 a6 26. Be5 f5 27. Rab1 Nd5 28. c4 Nc3 29. Rbc1 Ne4 30. d5 Bf7 31. f3 Nc5 32. Red1 Re8 33. f4 Ne4 34. Re1 cxd5 35. cxd5+ Kd8 36. Bxe4 Rxe5 37. fxe5 1-0

[Event "Montcalm 4 2025-26"]
[Site "Quebec CAN"]
[Date "2026.01.22"]
[Round "3"]
[White "Perreault, Jacquelin"]
[Black "Verge, Leo"]
[Result "0-1"]
[WhiteElo "1733"]
[BlackElo "1860"]
[WhiteFideId "-1"]
[BlackFideId "-1"]
[PlyCount "72"]
[GameId "2269869080166512"]
[EventDate "2026.01.08"]
[EventType "swiss"]
[EventRounds "5"]
[EventCountry "CAN"]

1. e4 e5 2. Nf3 Nc6 3. Bb5 a6 4. Ba4 Nf6 5. O-O Be7 6. Re1 b5 7. Bb3 d6 8. c3 O-O 9. d4 Bg4 10. d5 Na5 11. Bc2 c6 12. dxc6 Qc7 13. Nbd2 Rad8 14. Qe2 Nxc6 15. Nf1 d5 16. Ne3 Bxf3 17. Qxf3 d4 18. Nf5 Bc5 19. Bh6 Ne8 20. Qg4 f6 21. Bb3+ Kh8 22. cxd4 Nxd4 23. Nxd4 Bxd4 24. Rac1 Qe7 25. Be3 Bxe3 26. Rxe3 Rd2 27. Rec3 Rxb2 28. Rc8 Rd2 29. Bd5 f5 30. Qh3 fxe4 31. Bxe4 h6 32. Qg3 Nd6 33. Rxf8+ Qxf8 34. Bg6 Nc4 35. f3 Qa3 36. Re1 Ne3 0-1

[Event "Montcalm 4 2025-26"]
[Site "Quebec CAN"]
[Date "2026.01.22"]
[Round "3"]
[White "Sauve, Richard"]
[Black "Bergeron, Nicolas"]
[Result "1-0"]
[WhiteElo "1822"]
[BlackElo "1729"]
[WhiteFideId "-1"]
[BlackFideId "-1"]
[PlyCount "55"]
[GameId "2269869080211569"]
[EventDate "2026.01.08"]
[EventType "swiss"]
[EventRounds "5"]
[EventCountry "CAN"]

1. d4 Nf6 2. c4 g6 3. Nc3 d5 4. e3 Bg7 5. Nf3 O-O 6. cxd5 Nxd5 7. Bc4 Nb6 8. Bb3 c5 9. O-O cxd4 10. exd4 Nc6 11. Be3 Na5 12. Ne5 Nxb3 13. Qxb3 Be6 14. Qc2 Rc8 15. Rac1 Nd5 16. Qd2 Nxe3 17. Qxe3 Qb6 18. Na4 Qb4 19. b3 Rfd8 20. Nc5 Qxd4 21. Qxd4 Rxd4 22. Nxe6 Rxc1 23. Rxc1 fxe6 24. Rc8+ Bf8 25. Kf1 Rd5 26. Nc4 Kf7 27. Rc7 Rb5 28. Nd6+ 1-0

[Event "Montcalm 4 2025-26"]
[Site "Quebec CAN"]
[Date "2026.01.22"]
[Round "3"]
[White "Genest, Dominic"]
[Black "Bergeron, Normand"]
[Result "1-0"]
[WhiteElo "1799"]
[BlackElo "1689"]
[WhiteFideId "-1"]
[BlackFideId "-1"]
[PlyCount "33"]
[GameId "2269869080211570"]
[EventDate "2026.01.08"]
[EventType "swiss"]
[EventRounds "5"]
[EventCountry "CAN"]

1. c4 Nf6 2. g3 g6 3. Bg2 Bg7 4. Nc3 O-O 5. Nf3 c6 6. d4 d5 7. O-O Bf5 8. Qb3 Qb6 9. Qxb6 axb6 10. cxd5 c5 11. dxc5 bxc5 12. Bf4 Rd8 13. Nd2 Na6 14. e4 Bc8 15. Nc4 Ne8 16. Nb6 Ra7 17. Nb5 1-0

[Event "Montcalm 4 2025-26"]
[Site "Quebec CAN"]
[Date "2026.01.22"]
[Round "3"]
[White "Dumont, Eric"]
[Black "Bluteau, Yvon"]
[Result "0-1"]
[WhiteElo "1655"]
[BlackElo "1786"]
[WhiteFideId "-1"]
[BlackFideId "-1"]
[PlyCount "64"]
[GameId "2269869080211571"]
[EventDate "2026.01.08"]
[EventType "swiss"]
[EventRounds "5"]
[EventCountry "CAN"]

1. d4 Nf6 2. Bf4 d5 3. e3 Bf5 4. c4 e6 5. Nc3 Bd6 6. Bg3 O-O 7. Nf3 Ne4 8. Nxe4 dxe4 9. Bxd6 cxd6 10. Nd2 Nc6 11. a3 Bg6 12. h4 f5 13. g4 fxg4 14. Qxg4 Qf6 15. O-O-O d5 16. Kb1 Rae8 17. cxd5 exd5 18. h5 Bf5 19. Qg3 Nxd4 20. Rg1 Re6 21. Nc4 Nf3 22. Rxd5 Nxg1 23. Qxg1 Rd8 24. Rb5 b6 25. Be2 a6 26. Rxf5 Qxf5 27. Bg4 Qd5 28. Bxe6+ Qxe6 29. b3 b5 30. Na5 Qd6 31. Qc1 Qd3+ 32. Ka1 Qe2 0-1

[Event "Montcalm 4 2025-26"]
[Site "Quebec CAN"]
[Date "2026.01.22"]
[Round "3"]
[White "Miskic, Zdenko"]
[Black "Gaulin, Gaetan"]
[Result "0-1"]
[WhiteElo "1453"]
[BlackElo "1874"]
[WhiteFideId "-1"]
[BlackFideId "-1"]
[PlyCount "64"]
[GameId "2269869080215669"]
[EventDate "2026.01.08"]
[EventType "swiss"]
[EventRounds "5"]
[EventCountry "CAN"]

1. e4 c5 2. Nf3 d6 3. d4 cxd4 4. Nxd4 Nf6 5. Nc3 a6 6. Be3 e5 7. Nf3 Be7 8. Qd2 h6 9. Bc4 Nbd7 10. O-O Nb6 11. Bb3 Qc7 12. Rad1 Nc4 13. Bxc4 Qxc4 14. Qd3 Be6 15. b3 Qc7 16. Nd5 Bxd5 17. exd5 e4 18. Qd2 exf3 19. gxf3 b5 20. c4 bxc4 21. Rc1 Qd7 22. Rxc4 Qf5 23. Kg2 O-O 24. Rfc1 Rac8 25. Rc6 Rxc6 26. Rxc6 Nxd5 27. Rxa6 Rc8 28. a4 Rc2 29. Qd4 Bf6 30. Qa7 Bg5 31. Qb8+ Kh7 32. Qxd6 Bxe3 0-1

[Event "Montcalm 4 2025-26"]
[Site "Quebec CAN"]
[Date "2026.01.22"]
[Round "3"]
[White "Lamini, Cedric"]
[Black "Gonthier-Cummings, Eloi"]
[Result "1-0"]
[WhiteElo "1673"]
[BlackElo "1357"]
[WhiteFideId "-1"]
[BlackFideId "-1"]
[PlyCount "74"]
[GameId "2269869080215670"]
[EventDate "2026.01.08"]
[EventType "swiss"]
[EventRounds "5"]
[EventCountry "CAN"]

1. d4 Nf6 2. Nf3 d5 3. g3 Bf5 4. Bg2 e6 5. O-O Be7 6. c4 c6 7. Nc3 h6 8. Re1 Bh7 9. Qb3 Qc8 10. Ne5 O-O 11. f3 Nbd7 12. Nxd7 Qxd7 13. Be3 dxc4 14. Qxc4 Nd5 15. Bf2 Nb4 16. Ne4 Qd5 17. Rec1 b5 18. Qxd5 cxd5 19. a3 dxe4 20. axb4 Bxb4 21. fxe4 a5 22. d5 a4 23. Bc5 Bxc5+ 24. Rxc5 b4 25. Rb5 a3 26. bxa3 bxa3 27. dxe6 fxe6 28. Rb3 Rfd8 29. Rbxa3 Rxa3 30. Rxa3 Rd4 31. Re3 Kf7 32. Kf2 Bg8 33. Rd3 Rb4 34. Rd7+ Kf6 35. e5+ Kg6 36. Ke3 Rg4 37. Be4+ Kh5 1-0